[Event "Unterfranken-ch M2 48th"]
[Site "Bergrheinfeld"]
[Date "1997.??.??"]
[Round "9"]
[White "Reitz, Helmut"]
[Black "Salveter, Michael"]
[Result "1/2-1/2"]
[WhiteElo "1794"]
[BlackElo "1727"]
[PlyCount "154"]
[EventDate "1997.03.31"]
[EventType "swiss"]
[EventRounds "9"]
[EventCountry "GER"]
[SourceTitle "EXT 2015"]
[Source "ChessBase"]
[SourceDate "2014.11.20"]
[SourceVersion "1"]
[SourceVersionDate "2014.11.20"]
[SourceQuality "1"]

1. d4 Nf6 2. c4 e6 3. Nf3 d5 4. Nc3 Bb4 5. Bg5 h6 6. Bh4 c6 7. e3 Nbd7 8. Qc2 Qa5 9. Nd2 Bxc3 10. bxc3 b5 11. cxb5 cxb5 12. Bd3 Bb7 13. 0-0 Rc8 14. Rfc1 a6 15. Qb3 Qb6 16. a4 bxa4 17. Qxa4 0-0 18. Nb3 Bc6 19. Qa2 Bb5 20. Bxb5 axb5 21. f3 g5 22. Be1 Rc4 23. Qa7 Qxa7 24. Rxa7 Rfc8 25. Rb7 Rb8 26. Rxb8+ Nxb8 27. Ra1 Ra4 28. Rb1 Ra6 29. Nc5 Rb6 30. e4 Nfd7 31. Nd3 Nc6 32. Ra1 Kg7 33. Kf2 f5 34. exf5 exf5 35. Bd2 Ndb8 36. h4 Kg6 37. Re1 Kf6 38. Re8 b4 39. cxb4 Kf7 40. Rh8 Kg7 41. Re8 gxh4 42. Re6 Rb7 43. Rxh6 Nxb4 44. Nc5 Rb5 45. Rxh4 Nc2 46. Ne6+ Kf6 47. Nc7 Rb2 48. Nxd5+ Ke6 49. Nf4+ Kf7 50. Nd3 Rb5 51. Ne5+ Ke6 52. Ng6 Kf6 53. Nf8 Rd5 54. Be3 Kf7 55. Nh7 Nc6 56. Ng5+ Ke7 57. Rh7+ Ke8 58. Ne6 Rd7 59. Rxd7 Kxd7 60. Ng7 f4 61. Bxf4 N2xd4 62. g4 Ne6 63. Nxe6 Kxe6 64. Ke3 Kf6 65. Ke4 Ne7 66. Be3 Ng8 67. g5+ Kg6 68. f4 Ne7 69. Bd2 Nf5 70. Ke5 Ng7 71. Bb4 Nf5 72. Bf8 Ng3 73. Bb4 Nf5 74. Ke4 Ng7 75. Kf3 Nf5 76. Bf8 Nh4+ 77. Kg3 Nf5+ 1/2-1/2

[Event "Unterfranken-ch M2 48th"]
[Site "Bergrheinfeld"]
[Date "1997.??.??"]
[Round "8"]
[White "Salveter, Michael"]
[Black "Kliche, Alexander"]
[Result "0-1"]
[WhiteElo "1727"]
[BlackElo "1839"]
[PlyCount "58"]
[EventDate "1997.03.31"]
[EventType "swiss"]
[EventRounds "9"]
[EventCountry "GER"]
[SourceTitle "EXT 2015"]
[Source "ChessBase"]
[SourceDate "2014.11.20"]
[SourceVersion "1"]
[SourceVersionDate "2014.11.20"]
[SourceQuality "1"]

1. d4 d5 2. c4 e6 3. Nc3 c6 4. Nf3 Nf6 5. Bg5 dxc4 6. e4 b5 7. e5 h6 8. Bh4 g5 9. Nxg5 hxg5 10. Bxg5 Nbd7 11. Qf3 Bb7 12. 0-0-0 Qa5 13. Bxf6 Nxf6 14. Qxf6 Rg8 15. Be2 Bb4 16. Bh5 Rf8 17. Qxe6+ Kd8 18. Qf6+ Kc7 19. d5 Bxc3 20. dxc6 Bxc6 21. Rd6 Bxb2+ 22. Kxb2 Qb4+ 23. Kc1 Qc3+ 24. Kd1 Rfd8 25. Qe7+ Rd7 26. Rxd7+ Bxd7 27. Qd6+ Kc8 28. Qf8+ Kb7 29. Bf3+ Qxf3+ 0-1